Миграция органических соединений через слабопроницаемые толщи на территории полигона твёрдых бытовых отходов в с. Парабель Парабельского района Томской области; Проблемы геологии и освоения недр

Бібліографічні деталі
Parent link:Проблемы геологии и освоения недр.— 2007.— С. 172-174
Автор: Абакумов А. С.
Інші автори: Рассказов Н. М. (научный руководитель)
Мова:Російська
Опубліковано: 2007
Предмети:
Формат: MixedMaterials Частина з книги
KOHA link:https://koha.lib.tpu.ru/cgi-bin/koha/opac-detail.pl?biblionumber=179774

MARC

LEADER 00000naa2a2200000 4500
001 179774
005 20231031170544.0
035 |a (RuTPU)RU\TPU\book\194877 
090 |a 179774 
100 |a 20100427d2007 k y0rusy50 ca 
101 0 |a rus 
102 |a RU 
200 1 |a Миграция органических соединений через слабопроницаемые толщи на территории полигона твёрдых бытовых отходов в с. Парабель Парабельского района Томской области  |f А. С. Абакумов  |g науч. рук. Н. М. Рассказов 
320 |a Библиогр.: 7 назв. 
463 0 |0 (RuTPU)RU\TPU\book\140171  |y 5-89503-079-3  |t Проблемы геологии и освоения недр  |o [сборник]  |o труды XI международного симпозиума имени академика М. А. Усова студентов и молодых учёных, посвященного 80-летию академика, Президента международного горного конгресса, Лауреата государственной премии СССР М. И. Щадову  |f Томский политехнический университет (ТПУ), Институт геологии и нефтегазового дела  |v С. 172-174  |d 2007  |p 764 с. 
610 1 |a органические соединения 
610 1 |a миграция 
610 1 |a слабопроницаемые толщи 
610 1 |a полигоны 
610 1 |a твёрдые бытовые отходы 
610 1 |a Парабель 
610 1 |a Томская область 
610 1 |a труды учёных ТПУ 
700 1 |a Абакумов  |b А. С. 
702 1 |a Рассказов  |b Н. М.  |4 727 
801 1 |a RU  |b 63413507  |c 20100427 
942 |c BK